Ποιότητα eshop : η περίπτωση των ελληνικών ηλεκτρονικών φαρμακείων : πτυχιακή εργασία

Σε αυτή την εργασία, αρχικά γίνεται αναφορά στα ποιοτικά χαρακτηριστικά των ηλεκτρονικών καταστημάτων που συμβάλουν στην επίτευξη των στόχων ενός ηλεκτρονικού καταστήματος. Στη συνέχεια, επιλέγεται ένας κλάδος από την ελληνική αγορά, τα ηλεκτρονικά καταστήματα φαρμακείων, και πραγματοποιείται αξιολό...

Πλήρης περιγραφή

Αποθηκεύτηκε σε:
Λεπτομέρειες βιβλιογραφικής εγγραφής
Κύριος συγγραφέας: Γκίκας, Στυλιανός
Συγγραφή απο Οργανισμό/Αρχή: Πανεπιστήμιο Αιγαίου. Σχολή Θετικών Επιστημών. Τμήμα Μηχανικών Πληροφοριακών και Επικοινωνιακών Συστημάτων
Μορφή: Thesis Βιβλίο
Γλώσσα:Greek
Δημοσίευση: 2014.
Θέματα:
Διαθέσιμο Online:http://hdl.handle.net/11610/8792
Ετικέτες: Προσθήκη ετικέτας
Δεν υπάρχουν, Καταχωρήστε ετικέτα πρώτοι!

MARC

LEADER 00000cam a2200000 a 4500
001 1/109408
008 151125s2014####gr | ||| |||| ||gre||
040 |a GR-MyUa  |b gre  |c GR-MyUa  |e AACR2 
041 0 |a gre 
082 7 |a 658.872   |2 (23)  
100 1 |a Γκίκας, Στυλιανός. 
245 1 0 |a Ποιότητα eshop :   |b η περίπτωση των ελληνικών ηλεκτρονικών φαρμακείων : πτυχιακή εργασία /   |c Στυλιανός Γκίκας ; επιβλέπων καθηγητής Δημήτριος Δρόσος.  
260 |c 2014.  
300 |a 90 σ. :   |b εικ., πιν., διάγρ. ;   |c 30 εκ. 
502 |a Πτυχιακή εργασία - Πανεπιστήμιο Αιγαίου, Σάμος, 2014.  
504 |a Βιβλιογραφία : σ. 89-90.  
506 0 |a Διάθεση πλήρους κειμένου - Ελεύθερη πρόσβαση.  
520 8 |a Σε αυτή την εργασία, αρχικά γίνεται αναφορά στα ποιοτικά χαρακτηριστικά των ηλεκτρονικών καταστημάτων που συμβάλουν στην επίτευξη των στόχων ενός ηλεκτρονικού καταστήματος. Στη συνέχεια, επιλέγεται ένας κλάδος από την ελληνική αγορά, τα ηλεκτρονικά καταστήματα φαρμακείων, και πραγματοποιείται αξιολόγηση με βάση τα επιμέρους κριτήρια ποιότητας των ηλεκτρονικών καταστημάτων.Οι τομείς που εξετάζονται είναι, το μοντέλο συμπεριφοράς του καταναλωτή στο διαδίκτυο, τα ποιοτικά χαρακτηρίστηκα ενός ηλεκτρονικού καταστήματος και οι μέθοδοι marketing. Η αξιολόγηση πραγματοποιήθηκε σε 45 ηλεκτρονικά καταστήματα με τη βοήθεια ενός πίνακα αξιολόγησης 29 κριτηρίων που δημιουργήσαμε και με τη βοήθεια αρκετών online εργαλείων αξιολόγησης ιστοσελίδων.Στόχος μας ήταν να αναλύσουμε τα δεδομένα της αξιολόγησης και να εντοπίσουμε τα δυνατά και τα αδύνατα σημεία του κλάδου και να κάνουμε προτάσεις βελτίωσης των ηλεκτρονικών καταστημάτων.  
650 0 |a Electronic commerce. 
650 0 |a Internet pharmacies. 
650 0 |a Pharmaceutical services, Online. 
650 0 |a Dissertations, Academic  |z Greece. 
700 1 |a Δρόσος, Δημήτριος,  |e dgs 
710 2 |a Πανεπιστήμιο Αιγαίου.   |b Σχολή Θετικών Επιστημών.   |b Τμήμα Μηχανικών Πληροφοριακών και Επικοινωνιακών Συστημάτων. 
852 |a INST  |b SAMOS  |c DIATR  |e 20151125  |h 658.872 ΓΚΙ  |p 005300042644  |q 005300042644  |t DIE  |y 23 
852 |a INST  |b SAMOS  |c DIATR  |e 20151125  |h 658.872 ΓΚΙ  |p 005300042645  |q 005300042645  |t DIE  |y 23 
856 |u http://hdl.handle.net/11610/8792 
924 |a Γκίκας  |b Στυλιανός  |y Σάμος  |z 2014-10 
970 |a Κοσιέρης  |b Χρήστος  |z 25-11-2015